|
|
|
|
| LEADER |
01572nam a22003734a 4500 |
| 001 |
28173 |
| 003 |
BD-DhAAL |
| 005 |
20190526114131.0 |
| 008 |
140706s2010 nyua b 001 0 eng |
| 999 |
|
|
|c 32841
|d 32841
|
| 010 |
|
|
|a 2010008505
|
| 020 |
|
|
|a 9781568989372 (alk. paper)
|
| 040 |
|
|
|a DLC
|c DLC
|d DLC
|d BD-DhAAL
|
| 050 |
0 |
0 |
|a QA76.76.D47
|b R42 2010
|
| 082 |
0 |
0 |
|a 005.1
|2 22
|
| 100 |
1 |
|
|a Reas, Casey.
|9 5299
|
| 245 |
1 |
0 |
|a Form+code in design, art, and architecture /
|c Casey Reas, Chandler McWilliams, LUST.
|
| 246 |
3 |
|
|a Form and code in design, art, and architecture
|
| 250 |
|
|
|a 1st ed.
|
| 260 |
|
|
|a New York :
|b Princeton Architectural Press,
|c c2010.
|
| 300 |
|
|
|a 176 p. :
|b ill. (some col.) ;
|c 22 cm.
|
| 490 |
0 |
|
|a Design briefs
|
| 504 |
|
|
|a Includes bibliographical references (p. 174-175) and index.
|
| 526 |
|
|
|a ARC
|
| 541 |
|
|
|e 28173
|
| 650 |
|
0 |
|a Computer software
|x Development.
|9 2004
|
| 650 |
|
0 |
|a Computer-aided design.
|9 5300
|
| 650 |
|
0 |
|a Art and technology.
|9 5301
|
| 700 |
1 |
|
|a McWilliams, Chandler.
|9 5302
|
| 710 |
2 |
|
|a LUST.
|9 5303
|
| 852 |
|
|
|a Ayesha Abed Library
|c General Stacks
|
| 942 |
|
|
|2 ddc
|c BK
|
| 952 |
|
|
|0 0
|1 0
|2 ddc
|4 0
|6 005_100000000000000_REA
|7 0
|9 42928
|a BRACUL
|b BRACUL
|c GEN
|d 2014-07-06
|e Trim Education
|g 2125.00
|l 1
|m 3
|o 005.1 REA
|p 3010028173
|r 2014-10-14
|s 2014-09-14
|t 1
|w 2014-07-06
|y BK
|
| 952 |
|
|
|0 0
|1 0
|2 ddc
|4 0
|6 005_100000000000000_REA
|7 0
|9 59494
|a BRACUL
|b BRACUL
|c GEN
|d 2016-08-02
|e Karim International
|g 2430.00
|l 3
|m 11
|o 005.1 REA
|p 3010031209
|r 2025-10-30
|s 2025-09-08
|t 2
|w 2016-08-02
|y BK
|x Transferred from ARC to BRACUL on 28/12/2023
|